Herreros y forjadores poblanos (Record no. 9643)

MARC details
000 -CABECERA
campo de control de longitud fija 00660nam a2200217 a 4500
001 - NÚMERO DE CONTROL
campo de control BRL_831
005 - FECHA Y HORA DE LA ÚLTIMA TRANSACCIÓN
campo de control 20190320210921.0
008 - DATOS DE LONGITUD FIJA--INFORMACIÓN GENERAL
campo de control de longitud fija 141013s1933----mx-ao#####---#000-0#spa-#
041 ## - CÓDIGO DE LENGUA
Código de lengua del texto/banda sonora o título independiente spa
044 ## - CÓDIGO DEL PAÍS DE LA ENTIDAD EDITORA/PRODUCTORA
Código MARC del país mx
050 #4 - SIGNATURA TOPOGRÁFICA DE LA BIBLIOTECA DEL CONGRESO
Número de clasificación NK8214
Número de documento/Ítem .C47 1933
100 1# - ENTRADA PRINCIPAL--NOMBRE DE PERSONA
Nombre de persona Cervantes, Enrique A.
Fechas asociadas al nombre 1898-1953
9 (RLIN) 25075
245 10 - MENCIÓN DE TÍTULO
Título Herreros y forjadores poblanos
Mención de responsabilidad, etc. Por Enriqve A.Cervantes ; dibujos y fotografrías del autor.
260 ## - PUBLICACIÓN, DISTRIBUCIÓN, ETC.
Lugar de publicación, distribución, etc. México
Nombre del editor, distribuidor, etc. [s.n.]
Fecha de publicación, distribución, etc. 1933
300 ## - DESCRIPCIÓN FÍSICA
Extensión 1 portafoloio, LXIX p.
Otras características físicas il., fotografías
Dimensiones 28 cm.
500 ## - NOTA GENERAL
Nota general Au899
650 14 - PUNTO DE ACCESO ADICIONAL DE MATERIA--TÉRMINO DE MATERIA
Término de materia o nombre geográfico como elemento de entrada Herreria
Subdivisión geográfica Puebla (México)
9 (RLIN) 25076
650 14 - PUNTO DE ACCESO ADICIONAL DE MATERIA--TÉRMINO DE MATERIA
Término de materia o nombre geográfico como elemento de entrada Herreros
Subdivisión geográfica Puebla (México)
9 (RLIN) 385
902 ## - CATALOGADOR
Iniciales GRL
942 ## - ELEMENTOS DE PUNTO DE ACCESO ADICIONAL (KOHA)
Fuente del sistema de clasificación o colocación Library of Congress Classification
Tipo de ítem Koha Libros
Holdings
Estado de retiro Estado de pérdida Estado dañado No para préstamo Localización permanente Ubicación/localización actual Fecha de adquisición Número de inventario Total de préstamos Signatura topográfica completa Código de barras Fecha visto por última vez Precio válido a partir de Tipo de ítem Koha
El ejemplar forma parte de la colección y puede ser consultado según las políticas vigentes.       Biblioteca Centro de Estudios Ruth D. Lechuga Biblioteca Centro de Estudios Ruth D. Lechuga 14/10/2013 Au899   NK8214 .C47 1933 (Au899) GRL00900 22/03/2019 22/03/2019 Libros